000 00963nam a2200253Ia 4500
003 OSt
005 20220926000517.0
006 a|||||r|||| 00| 0
007 ta
008 220923b |||||||| |||| 00| 0 eng d
037 _cGeneral Book
040 _aRTL
_cRTL
_beng
041 _2eng
_aeng
082 _aSigma a46,21255,N7, L5
110 _aIndian councial of social science Research, Social science Documentation Centre
_9258834
245 0 _aUnion kcatalogue of socail science periodicals
_b Ma
260 _a New Delhi
_bIndian councial of social science Research Social science Documentation Centre
_c1975
300 _a56p.
_ccm.
490 _aI C S S R Publication, 61.. Its, union catalogue series,8.
650 _aSocial Science
_911018
700 _aIndian councial of social science Research, Social science Documentation Centre
_9258835
942 _hSigma a46,21255,N7, L5
_cGB
_2CC
999 _c599188
_d599188